The pirate's ghost / (Запис № 536923)

МАРК-запис
000 -LEADER
fixed length control field 01583cam a2200277Ii 4500
001 - CONTROL NUMBER
control field piratesghost00robe
003 - CONTROL NUMBER IDENTIFIER
control field CaSfIA
005 - DATE AND TIME OF LATEST TRANSACTION
control field 20210118210536.0
007 - PHYSICAL DESCRIPTION FIXED FIELD--GENERAL INFORMATION
fixed length control field cr||||
008 - FIXED-LENGTH DATA ELEMENTS--GENERAL INFORMATION
fixed length control field 761015t19711938nyu 000 1 eng d
040 ## - CATALOGING SOURCE
Original cataloging agency MNL
Transcribing agency MNL
Modifying agency BUF
-- CaSfIA
035 ## - SYSTEM CONTROL NUMBER
System control number (OCoLC)2505521
050 #4 - LIBRARY OF CONGRESS CALL NUMBER
Classification number PS3535.O211
Item number P37 1971
092 ## - LOCALLY ASSIGNED DEWEY CALL NUMBER (OCLC)
Classification number fic
100 1# - MAIN ENTRY--PERSONAL NAME
Personal name Robeson, Kenneth.
245 14 - TITLE STATEMENT
Title The pirate's ghost /
Medium [electronic resource]
Statement of responsibility, etc by Kenneth Robeson.
260 ## - PUBLICATION, DISTRIBUTION, ETC. (IMPRINT)
Place of publication, distribution, etc New York :
Name of publisher, distributor, etc Bantam,
Date of publication, distribution, etc 1971, c1966.
300 ## - PHYSICAL DESCRIPTION
Extent 135 p. ;
Dimensions 18 cm.
490 0# - SERIES STATEMENT
Series statement A Doc Savage adventure ;
Том/ позначення послідовності 62
505 00 - FORMATTED CONTENTS NOTE
Miscellaneous information I.
Title Old one of the dessert --
Miscellaneous information II.
Title The man-captive --
Miscellaneous information III.
Title Hoke McGee --
Miscellaneous information IV.
Title Big ape and pig man --
Miscellaneous information V.
Title Symbols for trouble --
Miscellaneous information VI.
Title Bloodhounds for hire --
Miscellaneous information VII.
Title Detour --
Miscellaneous information VIII.
Title The blond Sally Surett --
Miscellaneous information IX.
Title Difference of opinion --
Miscellaneous information X.
Title Bronze shadow --
Miscellaneous information XI.
Title The publicity box --
Miscellaneous information XII.
Title Captain Scuttle --
Miscellaneous information XIII.
Title Million-dollar treasure --
Miscellaneous information XIV.
Title Scorn Island --
Miscellaneous information XV.
Title Treasure ship --
Miscellaneous information XVI.
Title Narrow margins.
506 ## - RESTRICTIONS ON ACCESS NOTE
Standardized terminology for access restriction Необхідна авторизація на https://archive.org/ (створення облікового запису безкоштовно)
506 ## - RESTRICTIONS ON ACCESS NOTE
Standardized terminology for access restriction Необхідна авторизація на https://openlibrary.org/ (створення облікового запису безкоштовно)
856 41 - ELECTRONIC LOCATION AND ACCESS
Uniform Resource Identifier <a href="http://www.archive.org/details/piratesghost00robe">http://www.archive.org/details/piratesghost00robe</a>
Public note Free eBook from the Internet Archive
856 42 - ELECTRONIC LOCATION AND ACCESS
Uniform Resource Identifier <a href="http://www.openlibrary.org/books/OL24595449M">http://www.openlibrary.org/books/OL24595449M</a>
Public note Additional information and access via Open Library
942 ## - ADDED ENTRY ELEMENTS (KOHA)
Koha item type ЕКнига

Немає доступних примірників.